000 00598nam a2200205Ia 4500
008 220216s9999 xx 000 0 und d
100 _aVarkey J T
245 0 _aThermal degradation of natural rubber/styrene butadiene rubber latex blends by thermogravimetric method
260 _bPolymer Palstics Technology and Engineering
_c2000
300 _a415-35
500 _aSource Year: 2000
650 _aLatex blends
650 _aSBR
650 _aThermal degradation
650 _aThermogravimetric method
700 _aAugustine S
700 _aThomas S
856 _uRAPRA
942 _cJS
999 _c71216
_d71216